000 00557nam a2200217Ia 4500
005 20250326144326.0
008 250326s9999 xx 000 0 und d
020 _a978-0-230-22634-0
037 _aTextbook
040 _aFMSL
_beng
_cFMSL
041 _aeng
_2eng
084 _aX:512 P7
_qFMSL
100 _aDonaldson B
_9742191
245 0 _aSales management
_cDonaldson B
250 _a3
260 _aNY
_bNY, Palgrave
_c2007
300 _a298p
365 _b589.42229999999995
942 _cTB
_hX:512 P7
999 _c1303315
_d1303315